Deníky apatykářky. 5 /
Manga adaptace lehkého románu odehrávající se ve středověké Číně na císařském dvoře.
Uloženo v:
| Série: | Deníky apatykářky,
část 5 |
|---|---|
| Hlavní autor: | |
| Další autoři: | , |
| Médium: | Kniha |
| Jazyk: | Czech |
| Vydáno: |
Praha :
Dobrovský s.r.o.,
2026
|
| Edice: | Gate (Dobrovský)
|
| Témata: | |
| Celkem bylo vypůjčeno: | 0x |
| Příbuzné jednotky: | Anglické vydání::
Apothecary diaries Z cyklu:: Deníky apatykářky |
| Tagy: |
Žádné tagy |
| LEADER | 02639nam a2200529 i 4500 | ||
|---|---|---|---|
| 001 | 106312 | ||
| 003 | CZ PrSKC | ||
| 005 | 20260512143116.0 | ||
| 007 | ta | ||
| 008 | 260606s2026 xr a d 6 000 1 cze d | ||
| 020 | |a 9788027724833 |q (brožováno) | ||
| 040 | |a CBA001 |b cze |e rda | ||
| 041 | 1 | |a cze |h jpn | |
| 072 | 7 | |a 741.52 |x Komiksy. Komiksové adaptace |2 Konspekt |9 21 | |
| 080 | |a 741.52(0:82-32) |2 MRF | ||
| 080 | |a 741.52(0:82-321.6) |2 MRF | ||
| 080 | |a (093)741.52 |2 MRF | ||
| 080 | |a 741.52(0.046.6) |2 MRF | ||
| 080 | |a 821.521-31 |2 MRF | ||
| 100 | 1 | |a Hyūga, Natsu |7 xx0329330 |4 aut |9 116813 | |
| 240 | 1 | 0 | |a Kusuriya no hitorigoto. |l Česky |
| 245 | 1 | 0 | |a Deníky apatykářky. |n 5 / |c Hjúganacu - příběh ; Nekokurage - kresba ; Icuki Nanao - kompilace ; překlad: Markéta Linhart |
| 264 | 1 | |a Praha : |b Dobrovský s.r.o., |c 2026 | |
| 300 | |a 174 stran : |b ilustrace (některé barevné) ; |c 19 cm | ||
| 336 | |a text |b txt |2 rdacontent | ||
| 336 | |a statický obraz |b sti |2 rdacontent | ||
| 337 | |a bez média |b n |2 rdamedia | ||
| 338 | |a svazek |b nc |2 rdacarrier | ||
| 490 | 1 | |a Gate | |
| 500 | |a Přeloženo z japonštiny | ||
| 500 | |a Tištěno zprava doleva ve stylu japonské mangy | ||
| 520 | 2 | |a Manga adaptace lehkého románu odehrávající se ve středověké Číně na císařském dvoře. |b Poté, co byla Maomao nucena opustit vnitřní palác, se znovu vrací na císařský dvůr - tentokrát přímo do služeb mistra Džinšiho. Imunní vůči jeho kouzlu, Maomao začíná poznává nový způsob života ve vnějším paláci, kde vládní úředníci a vojenští důstojníci každodenně plní své povinnosti při řízení říše. Maomao se nového prostředí nezalekne, ale její nekonečná zvědavost ji brzy zavede do míst, kam má vstup zakázán - a kde na ni čekají další tajemství. Nakladatelská anotace. | |
| 655 | 7 | |a manga |7 fd1057492 |2 czenas | |
| 655 | 7 | |a historické komiksy |7 fd1057475 |2 czenas | |
| 655 | 7 | |a komiksové adaptace |7 fd1057342 |2 czenas | |
| 655 | 7 | |a japonské romány |7 fd132490 |2 czenas |9 53658 | |
| 700 | 0 | |a Nekokurage, |d 1987- |7 xx0329333 |4 ill |9 116814 | |
| 700 | 1 | |a Nanao, Itsuki |7 xx0329334 |4 oth |9 116815 | |
| 700 | 1 | |a Linhart, Markéta, |d 1991- |7 xx0307943 |4 trl |9 116263 | |
| 710 | 2 | |a Dobrovský (firma) |7 olak2017946581 |4 isb |9 117120 | |
| 765 | 0 | 8 | |i Anglické vydání: |t Apothecary diaries |
| 787 | 0 | 8 | |i Z cyklu: |t Deníky apatykářky |g 5 |
| 830 | 0 | |a Gate (Dobrovský) | |
| 910 | |a UOG502 | ||
| 942 | |2 ddc |c KN | ||
| 999 | |d 106312 | ||
| 993 | |0 0 |1 421180107033 |2 ddc |4 0 |7 0 |9 99685 |b 0 |c 107033 |d 2026-05-12 |e 0 |f DOSP |h 249.00 |i Koupě |l DOSP |r 2026-05-13 |t 6 |w 2026-05-12 |y KN |z KOMIKS |n | ||